Algo más sobre la Ley Nº 20.124 Ley de contrataciones para el ámbito de las Fuerzas Armadas (Registro nro. 24158)

Detalles MARC
000 -LEADER
fixed length control field 00365 a2200109 4500
001 - CONTROL NUMBER
control field ART_40039
005 - DATE AND TIME OF LATEST TRANSACTION
control field 20260410161842.0
008 - FIXED-LENGTH DATA ELEMENTS--GENERAL INFORMATION
fixed length control field 260409a
100 1# - MAIN ENTRY--PERSONAL NAME
Personal name Torres, Ismael F.
245 10 - TITLE STATEMENT
Title Algo más sobre la Ley Nº 20.124 Ley de contrataciones para el ámbito de las Fuerzas Armadas
773 0# - HOST ITEM ENTRY
Title RAP
Related parts - Año 23, Nº 272 (may. 2001)
Record control number REV5941

No hay ítems disponibles.